Logo BPK

Biblioteka

Politechniki Koszalińskiej

Leksykon świadczeń ZUS 2004 / (Rekord nr 45390)

Szczegóły MARC
000 -ETYKIETA REKORDU
podpole kontrolne o stałej długości 00800nam a2200241 i 4500
001 - NUMER KONTROLNY REKORDU
pole kontrolne bg
020 ## - MIĘDZYNARODOWY ZNORMALIZOWANY NUMER KSIĄŻKI - ISBN
ISBN 8388785605
040 ## - ŹRÓDŁO KATALOGOWANIA
Instytucja, która utworzyła rekord BPK
041 0# - KOD JĘZYKA
Kod języka tekstu pol
080 ## - UNIWERSALNA KLASYFIKACJA DZIESIĘTNA - UKD
UKD 349.3:369](438)
920 ## - Międzynarodowy znormalizowany numer książki – ISBN
ISBN 83-88785-60-5
008 - POLE O STAŁEJ DŁUGOŚCI - DANE KONTROLNE
podpole kontrolne o stałej długości s pl f |000 0 pol
100 1# - NAZWA OSOBOWA
Nazwa osobowa KOSACKA-ŁĘDZEWICZ, Dorota
245 10 - TYTUŁ/ODPOWIEDZIALNOŚĆ
Tytuł Leksykon świadczeń ZUS 2004 /
Pozostałe elementy strefy tytułu i oznaczenia odpowiedzialności Dorota Kosacka-Łędzewicz, Bogdan Olszewski, Ewa Szóstko.
250 ## - STREFA WYDANIA
Oznaczenie wydania Wyd. 1 popr. i uzup., stan prawny po 1 maja 2004.
260 ## - STREFA ADRESU WYDAWNICZEGO
Miejsce wydania Wrocław :
Nazwa wydawcy/dystrybutora "Unimex",
Data publikacji, dystrybucji/powstania dokumentu cop. 2004.
300 ## - STREFA OPISU FIZYCZNEGO
Objętość 527 s. :
Inne cechy fizyczne tab. ;
Rozmiary 24 cm.
650 #9 - HASŁO PRZEDMIOTOWE W FORMIE NAZWY OGÓLNEJ LUB JEDNOSTKOWEJ
Nazwa ogólna lub geograficzna Świadczenia społeczne
Określnik ogólny prawo
Określnik geograficzny Polska
Określnik chronologiczny stan na 2004 r.
700 1# - HASŁO DODATKOWE - NAZWA OSOBOWA
Nazwa osobowa OLSZEWSKI, Bogdan
700 1# - HASŁO DODATKOWE - NAZWA OSOBOWA
Nazwa osobowa SZÓSTKO, Ewa
856 ## - LOKALIZACJA I DOSTĘP DO ELEKTRONICZNYCH DOKUMENTÓW ZDALNYCH
Link (URL) http://koha.tu.koszalin.pl/cgi-bin/koha/opac-detail.pl?biblionumber=45390
Tekst linku Katalog online BPK
942 ## - DODATKOWE ELEMENTY (KOHA)
Typ dokumentu Książka
Egzemplarze
Wycofany Status egzemplarza Uszkodzony Dostępność Lokalizacja stała Lokalizacja bieżąca Miejsce przechowywania Sygnatura Kod kreskowy Dział Typ dokumentu
      Tylko na miejscu Biblioteka Politechniki Koszalińskiej Biblioteka Politechniki Koszalińskiej Czytelnia Wydziałowa ul. Kwiatkowskiego 6e 74071 02210711 36 Pomoc społeczna. Ubezpieczenia Książka
© 2023 Biblioteka Politechniki Koszalińskiej :: KOHA